Konkurencieschopnosť ekonomiky Slovenska, budovanie vedomostnej ekonomiky a medzinárodná kríza - vzájomné súvislosti
Slovesnko vstúpilo do eurozóny ako jej najchudobnejší člen. Obchodná bilancia SR vykázala s výnimkou roku 1994 doteraz vždy schodok. Riešením danej situácie môže byť iba prechod od spodku obchodnej bilancie k jej prebytku, dosiahnutý vďaka konkurencieschopnosti založenej na budovaní vedomostnej ekon...
Salvato in:
| Autore principale: | |
|---|---|
| Natura: | Capitolo di libro |
| Lingua: | slovacco |
| Soggetti: | |
| Tags: |
Nessun Tag, puoi essere il primo ad aggiungerne!!
|
MARC
| LEADER | 00000naa$a2200000$$$4500 | ||
|---|---|---|---|
| 001 | 0097861 | ||
| 005 | 20240502072100.2 | ||
| 041 | 0 | |a slo | |
| 044 | |a SK | ||
| 245 | 1 | 0 | |a Konkurencieschopnosť ekonomiky Slovenska, budovanie vedomostnej ekonomiky a medzinárodná kríza - vzájomné súvislosti |c Edmund Fifek |
| 520 | |a Slovesnko vstúpilo do eurozóny ako jej najchudobnejší člen. Obchodná bilancia SR vykázala s výnimkou roku 1994 doteraz vždy schodok. Riešením danej situácie môže byť iba prechod od spodku obchodnej bilancie k jej prebytku, dosiahnutý vďaka konkurencieschopnosti založenej na budovaní vedomostnej ekonomiky. Inovačná výkonnosť SR v porovnaní s priemerom EÚ27. | ||
| 610 | 2 | 0 | |a hospodárstvo národné |
| 610 | 2 | 0 | |a bilancia obchodná |
| 610 | 2 | 0 | |a Slovensko |
| 610 | 2 | 0 | |a konkurencieschopnosť |
| 610 | 2 | 0 | |a ekonomika vedomostná |
| 610 | 2 | 0 | |a kríza hospodárska |
| 100 | 1 | |a Fifek, Edmund | |